Luận ngữ tinh hoa
Đã lưu trong:
| Hovedforfatter: | |
|---|---|
| Format: | Bog |
| Sprog: | Undetermined |
| Udgivet: |
Cà Mau
Mũi Cà Mau
2003
|
| Fag: | |
| Tags: |
Tilføj Tag
Ingen Tags, Vær først til at tagge denne postø!
|
| Thư viện lưu trữ: | Trung tâm Học liệu Trường Đại học Cần Thơ |
|---|
| LEADER | 00493nam a2200181Ia 4500 | ||
|---|---|---|---|
| 001 | CTU_58287 | ||
| 008 | 210402s9999 xx 000 0 und d | ||
| 082 | |a 181.112 | ||
| 082 | |b Tr300 | ||
| 100 | |a Trí Tuệ | ||
| 245 | 0 | |a Luận ngữ tinh hoa | |
| 245 | 0 | |c Trí Tuệ | |
| 260 | |a Cà Mau | ||
| 260 | |b Mũi Cà Mau | ||
| 260 | |c 2003 | ||
| 650 | |a confucius and confucianism,philosophy, chinese | ||
| 904 | |i Minh | ||
| 980 | |a Trung tâm Học liệu Trường Đại học Cần Thơ | ||